| 000 | 01215cam a2200313 a 4500 | ||
|---|---|---|---|
| 001 | 15081431 | ||
| 005 | 20161117133308.0 | ||
| 008 | 071115s2008 enka b 001 0 eng | ||
| 010 | _a 2007047375 | ||
| 020 | _a9780415774390 (pbk.) | ||
| 035 | _a(OCoLC)ocn181730626 | ||
| 035 |
_a(OCoLC)181730626 _z(OCoLC)166361345 _z(OCoLC)166382669 |
||
| 040 |
_aDLC _cDLC _dBAKER _dBTCTA _dYDXCP _dBWKUK _dBWK _dBWX _dCDX _dIXA _dDLC |
||
| 043 | _an-us--- | ||
| 050 | 0 | 0 |
_aNA9105 _b.W75 2008 |
| 082 | 0 | 0 |
_a307.12160973 _222 _bWRI |
| 245 | 0 | 0 |
_aWriting urbanism : _ba design reader / _cedited by Douglas Kelbaugh and Kit Krankel McCullough. |
| 246 | 3 | 0 | _aDesign reader |
| 260 |
_aLondon ; _aNew York : _bRoutledge, _c2008. |
||
| 300 |
_axxv, 397 p. : _bill. ; _c26 cm. |
||
| 440 | 0 |
_aA.C.S.A. architectural education series _94627 |
|
| 504 | _aIncludes bibliographical references and index. | ||
| 650 | 0 |
_94628 _aCity planning _zUnited States |
|
| 700 | 1 |
_aKelbaugh, Doug. _94629 |
|
| 700 | 1 |
_aMcCullough, Kit Krankel. _94630 |
|
| 710 | 2 |
_aAssociation of Collegiate Schools of Architecture. _94631 |
|
| 942 |
_2ddc _cBB |
||
| 999 |
_c11507 _d11507 |
||